| Tag |
First Indicator |
Second Indicator |
Subfields |
| LEADER |
00000pam a2200000 a 4500 |
| 001 |
in00000081955 |
| 005 |
20151008055435.0 |
| 008 |
810527s1982 nyua b 00000 eng |
| 010 |
|
|
|a 81010008
|
| 020 |
|
|
|a 023105114X
|
| 020 |
|
|
|a 0231051158 (pbk.)
|
| 035 |
|
|
|a (OCoLC)07577987
|
| 035 |
|
|
|9 AAJ3472AM
|
| 039 |
0 |
|
|a 2
|b 3
|c 3
|d 3
|e 3
|
| 040 |
|
|
|a DLC
|c DLC
|d TXA
|d UtOrBLW
|
| 049 |
|
|
|a TXAM
|c [1361753]
|
| 050 |
0 |
0 |
|a BF719
|b .I52
|
| 060 |
|
0 |
|a WS 105 I35
|
| 082 |
0 |
|
|a 155.4/22
|2 19
|
| 245 |
0 |
0 |
|a In the beginning :
|b readings on infancy /
|c edited by Jay Belsky.
|
| 264 |
|
1 |
|a New York :
|b Columbia University Press,
|c 1982.
|
| 300 |
|
|
|a xi, 310 pages :
|b illustrations ;
|c 23 cm.
|
| 336 |
|
|
|a text
|b txt
|2 rdacontent
|
| 337 |
|
|
|a unmediated
|b n
|2 rdamedia
|
| 338 |
|
|
|a volume
|b nc
|2 rdacarrier
|
| 504 |
|
|
|a Bibliography: pages [287]-310.
|
| 650 |
|
0 |
|a Infant psychology.
|
| 650 |
|
2 |
|a Psychology, Child
|x Essays.
|
| 700 |
1 |
|
|a Belsky, Jay,
|d 1952-
|
| 999 |
|
|
|a MARS
|
| 999 |
f |
f |
|s 0624cc2b-2630-3c66-b5da-1953289ae4eb
|i b037d571-4d52-311c-91ba-3b0f30f35f7a
|t 0
|
| 952 |
f |
f |
|p ric
|a Texas A&M University
|b Rellis Campus
|c Joint Library Facility
|d Remote Storage
|t 0
|e BF719 .I52
|h Library of Congress classification
|i unmediated -- volume
|m A14806088142
|
| 998 |
f |
f |
|a BF719 .I52
|t 0
|l Remote Storage
|